<?xml version="1.0" encoding="UTF-8"?>
<record
    xmlns:xsi="http://www.w3.org/2001/XMLSchema-instance"
    xsi:schemaLocation="http://www.loc.gov/MARC21/slim http://www.loc.gov/standards/marcxml/schema/MARC21slim.xsd"
    xmlns="http://www.loc.gov/MARC21/slim">

  <leader>01154nam a22003375a 4500</leader>
  <controlfield tag="001">1665671</controlfield>
  <controlfield tag="003">OSt</controlfield>
  <controlfield tag="005">20211110162507.0</controlfield>
  <controlfield tag="008">201109s2020    ck     gr     000 idspa d</controlfield>
  <datafield tag="020" ind1=" " ind2=" ">
    <subfield code="a">9789584287175</subfield>
  </datafield>
  <datafield tag="020" ind1=" " ind2=" ">
    <subfield code="a">9584287176</subfield>
  </datafield>
  <datafield tag="040" ind1=" " ind2=" ">
    <subfield code="a">CO-MqBPB</subfield>
    <subfield code="b">spa </subfield>
    <subfield code="c">CO-MqBPB</subfield>
    <subfield code="e">rda</subfield>
  </datafield>
  <datafield tag="041" ind1="0" ind2=" ">
    <subfield code="a">spa</subfield>
  </datafield>
  <datafield tag="082" ind1="0" ind2="4">
    <subfield code="a">866.6 </subfield>
    <subfield code="b">C13c </subfield>
  </datafield>
  <datafield tag="100" ind1="1" ind2=" ">
    <subfield code="a">Caicedo Estela, Andr&#xFFFD;s, </subfield>
    <subfield code="d">1951-1977.</subfield>
  </datafield>
  <datafield tag="245" ind1="1" ind2="0">
    <subfield code="a">Correspondencia 1970-1973 / </subfield>
    <subfield code="c">Andr&#xE9;s Caicedo Estela ; edici&#xF3;n a cargo de Luis Ospina y Sandro Romero Rey.</subfield>
  </datafield>
  <datafield tag="264" ind1=" " ind2="4">
    <subfield code="a">Bogot&#xE1; : </subfield>
    <subfield code="b">Editorial Planeta Colombiana, Seix Barral, </subfield>
    <subfield code="c">2020.</subfield>
  </datafield>
  <datafield tag="300" ind1=" " ind2=" ">
    <subfield code="a">370 p&#xE1;ginas ; </subfield>
    <subfield code="c">24 cm.</subfield>
  </datafield>
  <datafield tag="336" ind1=" " ind2=" ">
    <subfield code="a">texto </subfield>
    <subfield code="b">txt [</subfield>
    <subfield code="2">rdacontent]</subfield>
  </datafield>
  <datafield tag="337" ind1=" " ind2=" ">
    <subfield code="a">sin mediaci&#xFFFD;n </subfield>
    <subfield code="b">n [</subfield>
    <subfield code="2">rdamedia.]</subfield>
  </datafield>
  <datafield tag="338" ind1=" " ind2=" ">
    <subfield code="a">volumen </subfield>
    <subfield code="b">nc [</subfield>
    <subfield code="2">rdacarrier.]</subfield>
  </datafield>
  <datafield tag="504" ind1=" " ind2=" ">
    <subfield code="a">Incluye bibliograf&#xFFFD;a.</subfield>
  </datafield>
  <datafield tag="600" ind1="1" ind2="4">
    <subfield code="a">Caicedo Estela, Andr&#xFFFD;s, </subfield>
    <subfield code="d">1951-1977</subfield>
    <subfield code="x"> Correspondencia, memorias, etc.</subfield>
  </datafield>
  <datafield tag="650" ind1=" " ind2="4">
    <subfield code="a">Cartas colombianas.</subfield>
  </datafield>
  <datafield tag="650" ind1=" " ind2="4">
    <subfield code="a">Autores colombianos.</subfield>
  </datafield>
  <datafield tag="650" ind1=" " ind2="4">
    <subfield code="a">Correspondencia</subfield>
    <subfield code="z"> Colombia.</subfield>
  </datafield>
  <datafield tag="700" ind1="1" ind2=" ">
    <subfield code="a">Ospina, Luis, </subfield>
    <subfield code="e">edici&#xFFFD;n.</subfield>
  </datafield>
  <datafield tag="700" ind1="1" ind2=" ">
    <subfield code="a">Romero Rey, Sandro, </subfield>
    <subfield code="e">edici&#xFFFD;n.</subfield>
  </datafield>
  <datafield tag="942" ind1=" " ind2=" ">
    <subfield code="2">ddc</subfield>
    <subfield code="c">BK</subfield>
  </datafield>
  <datafield tag="949" ind1=" " ind2=" ">
    <subfield code="a"> c        </subfield>
    <subfield code="b"> c</subfield>
  </datafield>
  <datafield tag="999" ind1=" " ind2=" ">
    <subfield code="c">13943</subfield>
    <subfield code="d">13943</subfield>
  </datafield>
  <datafield tag="952" ind1=" " ind2=" ">
    <subfield code="0">0</subfield>
    <subfield code="1">0</subfield>
    <subfield code="2">ddc</subfield>
    <subfield code="4">0</subfield>
    <subfield code="7">0</subfield>
    <subfield code="8">GEN</subfield>
    <subfield code="a">BPMOS</subfield>
    <subfield code="b">BPMOS</subfield>
    <subfield code="d">2021-11-10</subfield>
    <subfield code="e">Compra BPSJBM 2021</subfield>
    <subfield code="i">NT</subfield>
    <subfield code="l">2</subfield>
    <subfield code="o">866.6  C13c </subfield>
    <subfield code="p">MOS501889</subfield>
    <subfield code="r">2022-07-01</subfield>
    <subfield code="s">2022-06-24</subfield>
    <subfield code="t">EJ. 1</subfield>
    <subfield code="w">2021-11-10</subfield>
    <subfield code="y">BK</subfield>
    <subfield code="z">Ocho d&#xED;as</subfield>
  </datafield>
</record>
